Top 100 Baby Girls Names US - 2021 - Statistics

General Stats
  • This quiz has been taken 293 times
  • The average score is 58 of 100
Answer Stats
Answers Popularity % Correct
Emma 2
93%
Olivia 1
93%
Anna 84
87%
Ava 5
86%
Elizabeth 14
86%
Ella 16
85%
Sarah 92
85%
Emily 21
83%
Isabella 7
83%
Sofia 18
83%
Sophia 6
83%
Charlotte 3
82%
Hannah 44
82%
Abigail 17
81%
Lily 31
80%
Amelia 4
79%
Grace 34
78%
Zoe 42
78%
Zoey 38
78%
Chloe 24
77%
Mia 8
77%
Sophie 76
75%
Ellie 30
73%
Eva 93
73%
Evelyn 9
73%
Victoria 43
73%
Madison 29
72%
Aria 22
71%
Alice 64
70%
Harper 10
70%
Isla 33
70%
Avery 19
69%
Luna 11
69%
Nora 27
68%
Addison 45
66%
Lucy 47
66%
Penelope 23
66%
Bella 73
65%
Violet 35
65%
Willow 39
64%
Eleanor 15
62%
Natalie 56
62%
Ivy 49
61%
Mila 26
61%
Audrey 60
60%
Leah 46
60%
Lillian 51
60%
Gianna 13
59%
Madelyn 71
59%
Hailey 77
58%
Hazel 28
57%
Layla 25
57%
Rylee 97
56%
Aaliyah 61
55%
Riley 37
55%
Ruby 62
55%
Allison 82
54%
Ariana 88
54%
Scarlett 20
54%
Stella 41
54%
Madeline 95
53%
Aubrey 65
52%
Claire 59
52%
Gabriella 83
52%
Maya 55
52%
Caroline 81
51%
Aurora 36
50%
Camila 12
50%
Savannah 68
50%
Quinn 80
49%
Elena 53
48%
Naomi 54
48%
Brooklyn 63
47%
Natalia 79
47%
Paisley 52
47%
Jade 91
46%
Autumn 66
43%
Eliana 48
43%
Sadie 78
43%
Josephine 72
41%
Nova 32
40%
Peyton 99
40%
Cora 87
39%
Everleigh 100
39%
Everly 50
39%
Lydia 90
39%
Piper 96
39%
Emilia 40
37%
Delilah 58
36%
Kennedy 70
34%
Adeline 94
33%
Skylar 74
33%
Nevaeh 86
29%
Valentina 69
28%
Genesis 75
27%
Serenity 85
27%
Kinsley 57
26%
Athena 98
22%
Emery 89
20%
Leilani 67
17%
No matching quizzes found
Score Distribution
Percent of People with Each Score
Percentile by Number Answered
Your Score History
You have not taken this quiz